000 00772nam a2200265Ia 4500
003 OSt
005 20220927102935.0
006 a|||||r|||| 00| 0
007 ta
008 220926b |||||||| |||| 00| 0 eng d
024 _a47717
037 _cReference Collections
040 _aRTL
_cRTL
_beng
041 _2eng
_aeng
082 _a"X:89N, K0/UN"
110 _aInternational Labour Office
_9351269
245 0 _aCo-operative management and administration
260 _aGeneva
_bI L O
_c1960
300 _a"vi, 222p"
_ccm.
490 _a"Its, Studies and reports, New series, 57"
650 _aWork Study
_9351270
700 _aInternational Labour Office
_9351271
942 _h"X:89N, K0/UN"
_cCC
999 _c679415
_d679415